000 01094cam a22003011 4500
001 20702
003 BD-RjUL
005 20211209000611.0
008 140302s1958 enk 000 0 eng
035 _a(BD-RjUL)20764
035 _a(OCoLC)398181
040 _aDLC
_cOAU
_dOCoLC
_dDLC
_dBD-RjUL
_beng
041 _aeng
082 0 0 _a942.04
_bPAS 1958
245 0 0 _aPaston letters /
_cselected and edited with an introd., notes and glossary by Norman Davis. Critical comment by Horace Walpole, Virginia Woolf, and others.
260 _aOxford :
_bClarendon Press,
_c1958.
300 _axxix, 165 p. ;
_c19 cm.
490 0 _aClarendon medieval and Tudor series
600 3 0 _aPaston family
_979459
650 0 _aLetter writing
_xHistory
_yTo 1500
_vSources.
_963890
650 0 _aEnglish letters.
_963891
651 0 _aGreat Britain
_xSocial life and customs
_y16th century
_vSources.
_963892
651 0 _aGreat Britain
_xSocial life and customs
_y1066-1485
_vSources.
_963893
700 1 _aDavis, Norman,
_d1913-
_eed.
_922814
942 _2ddc
_cBK
999 _c20702
_d20702